000 00777cam a22002654a 4500
008
020 _a9781405145084 (pbk.)
049 _aMAIN
090 _aRF46
_bBUL
100 1 _aBull, P. D.
245 1 0 _aLecture notes on diseases of the ear, nose, and throat.
246 3 0 _aDiseases of the ear, nose, and throat
250 _a10th ed.
260 _aOsney Mead :
_bBlackwell Science,
_cc2007.
300 _avii, 207 p. :
_bill (some col). ;
_c22 cm.
440 _aLecture notes on
500 _aIncludes index.
650 0 _aOtolaryngology.
650 1 2 _aOtorhinolaryngologic Diseases.
907 _a.b10375545
_b21-09-16
_c20-09-16
003
005 20230120204213.0
040 _cNUST
942 _cBOOKS
_kRF46
_mBUL
999 _c118998
_d118998